| 000 | 00501nam a22001697a 4500 | ||
|---|---|---|---|
| 003 | CEME | ||
| 005 | 20210628203500.0 | ||
| 008 | 210127b xxu||||| |||| 00| 0 eng d | ||
| 040 | _c. | ||
| 082 | _a621.384152 PRC | ||
| 100 |
_aNrtc, National Radio Telecom Corporation _93297 |
||
| 245 | _aPrc/vrc-9600 vhf/fm frequency hopping radio | ||
| 260 |
_aTURKEY _bASES _c2002 |
||
| 300 | _a250P | ||
| 650 |
_aFREQUENCY HOPPING RADIO FAMILY.OPERATION AND FIELD MAINTENANCE MANUAL _93298 |
||
| 942 |
_cBK _2ddc |
||
| 999 |
_c573852 _d573852 |
||